Radosť z krásy zostáva po celý život Mladí ľudia majú záujem pohybovo a spoločensky sa vzdelávať, rodičia by ich mali podporiť

Bibliographic Details
Main Author: Böhm, Otto (Author)
Corporate Author: klub Meteor (Košice, Slovensko) (Author)
Format: Article
Language:Slovak
PhysicalDescription:1 foto
ISSN:1335-4566
Subjects:

MARC

LEADER 00000nab a2200000 a 4500
001 vtls000908164
003 SK-MaSNL
005 20260302172539.0
008 040720e20011122xo 0 slo
035 |a KE17098 
040 |a KEVKJB  |b slo  |c KEVKJB  |e AACR2 
041 0 |a slo 
044 |a xo  |c SK 
080 |a 793.33  |2 1981 
080 |a 061.2  |2 1981 
100 1 |a Böhm, Otto  |4 aut  |9 873725 
245 1 0 |a Radosť z krásy zostáva po celý život  |b Mladí ľudia majú záujem pohybovo a spoločensky sa vzdelávať, rodičia by ich mali podporiť 
300 |b 1 foto 
610 2 7 |a klub Meteor (Košice, Slovensko)  |2 KEVKJB  |9 878690 
650 0 7 |a spoločenské tance  |2 KEVKJB  |9 29452 
650 0 7 |a úspechy  |2 KEVKJB  |9 873641 
651 7 |a Košice (Slovensko)  |2 KEVKJB  |9 18694 
651 7 |a KE,  |2 KEVKJB  |9 877256 
655 7 |a periodikum  |2 snkbucl  |9 29553 
710 2 |a klub Meteor (Košice, Slovensko)  |4 aut  |9 878690 
773 0 8 |t Košický denník Korzár  |g Roč. 4, č.268, 22.11.2001, s. 11  |x 1335-4566 
852 |a ZVYKNI  |b KIS3GCP 
999 |c 1399080  |d 1401010